| 000 | 00381nam a22001577a 4500 | ||
|---|---|---|---|
| 005 | 20170925145059.0 | ||
| 008 | 170925b xxu||||| |||| 00| 0 eng d | ||
| 020 | _a978-93-80856-33-9 | ||
| 041 | _aeng | ||
| 082 | _a338.1 | ||
| 100 |
_aSingh,Dr. C.B _93973 |
||
| 245 | _aA Text of Agriculture Economics | ||
| 260 |
_bUniversity Science Press _c2011 |
||
| 300 | _a331 | ||
| 942 | _cBK | ||
| 999 |
_c5606 _d5604 |
||